000
00266nam a22001217a 4500
008
181203b xxu||||| |||| 00| 0 eng d
041
_a
eng
080
_a
701
100
_a
44
101
_a
ART
245
_a
Monet in the 20th century
_c
Tucker,P,H
942
_2
udc
_c
BK
999
_c
52713
_d
52713